000 00380pab a2200157 454500
008 180718b2018 xxu||||| |||| 00| 0 eng d
100 _aSrivastava, Rakesh
245 _aEmpowering rural women: the way forward
260 _c2018
300 _ap.5-11.
362 _aJan
650 _aWomen - Empowerment
650 _aRural women
773 _aKurukshetra
909 _a116824
999 _c116818
_d116818